01323 am a2200265 a 450000500170000000800410001702000140005804100080007209200240008010000330010424501150013725000110025226001000026330000160036350001860037965300850056565301090065065300530075993000080081293000080082094200120082899900130084095201020085395201020095520231213105102.0100914s1997||||ag o f |||| 001 0dspa d a950340945 aspa c610.098212l63sORT1 aOrtiz, Frutos Enrique.91454 aHombres y cosas de la Facultad de Ciencias Médicas de La Plata.bPeriodo 1955-1994 / cFrutos Enrique Ortiz. a1a ed. aLa Plata [Buenos Aires ; Argentina]: bEditorial de la Universidad Nacional de La Plata;c1997. a252 p.bil. aOrtiz, F. E. (1997). Hombres y cosas de la Facultad de Ciencias Médicas de La Plata. Periodo 1955-1994. (1a ed.) Buenos Aires : Editorial de la Universidad Nacional de La Plata.  aDesde la revolución libertadora a la caída del Gobierno de Illia (1955-1966) aDesde la revolucón Argentina hasta la terminacion dle "Proceso de Reorganizacion Nacional" (1966-1983) aFacultad de medicina en el periodo democrático a508 a507 2ddccBK c727d727 00104070aBFMbBFMcCRd2011-05-13l0o610.098212 63 ORTp508r2014-11-06tej.1w2011-05-13yBK 00104070aBFMbBFMcCRd2011-05-13l0o610.098212 63 ORTp507r2019-02-18tej.2w2011-05-13yBK